| 000 | 00930nam a22001817a 4500 | ||
|---|---|---|---|
| 999 |
_c58479 _d58479 |
||
| 005 | 20220328111514.0 | ||
| 008 | 220328s2021ge xxu||||| |||| 00| 0 geo d | ||
| 022 | _a01321447 | ||
| 245 |
_aმოამბე = Bulleten / _bრედ. გიორგი კვესიტაძე. |
||
| 260 |
_aთბილისი, _c2021. |
||
| 300 | _aV. | ||
| 653 | _aმატემატიკა & ფიზიკური მეცნიერებანი | ||
| 653 | _aდედამიწის შემსწავლელი მეცნიერებანი | ||
| 653 | _aსაზოგადოებრივი მეცნიერებანი | ||
| 700 |
_a კვესიტაძე, გიორგი _eრედაქტორი _913622 |
||
| 710 |
_eსაქართველოს მეცნიერებათა ეროვნული აკადემია _913623 |
||
| 942 |
_2udc _cCR |
||